• 首页
  • 本馆介绍
  • 公告通知
  • 最新文献
  • 馆藏检索
  • 电子资源
  • 读者导购
  • 参考咨询
  • 我的图书馆
  • 登录
  • 详细信息显示
  • 放入我的书架
  • 预约/预借图书
  • 作者相关作品
  • 分类相关作品
  • 丛书相关作品
  • 出版社相关作品

书目信息

  • 表格格式
  • 工作单格式
  • 卡片格式
题名:
浴血十六国
    
 
作者: 再叹峥嵘 著
分册: 第一部  
出版信息: 北京   中国文史出版社  2020
页数: 293页
开本: 24cm
丛书名:
单 册:
中图分类: K238.09
科图分类:
主题词: 中国历史--zhong guo li shi--五胡十六国时代--通俗读物
电子资源:
ISBN: 978-7-5205-1446-0
000 00845nam0 2200229 450
001 2159233663
005 20210930164440.60
010    @a978-7-5205-1446-0@dCNY52.00
100    @a20200609d2020 em y0chiy50 ea
101 0  @achi
102    @aCN@b110000
105    @ay z 000yy
106    @ar
200 1  @a浴血十六国@Ayu xue shi liu guo@h第一部@f再叹峥嵘著
210    @a北京@c中国文史出版社@d2020
215    @a293页@d24cm
330    @a本书以《晋书》为蓝本,用七个篇幅讲述了十六国时期的历史。司马炎封王、立鲁钝太子司马衷埋下隐患,贾南风乱政导致八王之乱,北方少数民族趁此机会,纷纷而起,先后在中国北方建立了十六个国家。
606 0  @a中国历史@Azhong guo li shi@z五胡十六国时代@j通俗读物
690    @aK238.09@v5
701  0 @a再叹峥嵘@Azai tan zheng rong@f(1986-)@4著
801  0 @aCN@b百万庄@c20210925
905    @b1298712-15@dK238.09@e138:1@f4
    
    浴血十六国.第一部/再叹峥嵘著.-北京:中国文史出版社,2020
    293页;24cm
    
    
    ISBN 978-7-5205-1446-0:CNY52.00
    本书以《晋书》为蓝本,用七个篇幅讲述了十六国时期的历史。司马炎封王、立鲁钝太子司马衷埋下隐患,贾南风乱政导致八王之乱,北方少数民族趁此机会,纷纷而起,先后在中国北方建立了十六个国家。
●
相关链接 在E读中查询图书 在五车中查询图书 在当当中查询图书 在豆瓣中查询图书


正题名:浴血十六国     索取号:K238.09/138:1         预约/预借

序号 登录号 条形码 馆藏地/架位号 状态 备注
1 1298712   212987124   第二样本阅览室/ [索取号:K238.09/138:1] 在馆    
2 1298713   212987133   第二借阅区/ [索取号:K238.09/138:1] 在馆    
3 1298714   212987142   第二借阅区/ [索取号:K238.09/138:1] 在馆    
4 1298715   212987151   第二借阅区/ [索取号:K238.09/138:1] 在馆    
唐山师范学院图书馆 欢迎您!
大连网信软件有限公司© 版权所有